[Event "Summer Cup"]
[Site "Wellington Chess Club"]
[Date "2015.02.05"]
[Round "1"]
[White "Jackson, Ross"]
[Black "Wight, Joshua"]
[Result "1-0"]
[WhiteElo "1977"]
[BlackElo "1328"]

1. d4 d5 2. c4 Nf6 3. cxd5 Nxd5 4. e4 Nf6 5. Nc3 e6 6. Be3 Bb4 7. f3 O-O 8. Bd3
b6 9. Ne2 c5 10. dxc5 bxc5 11. O-O Bxc3 12. Nxc3 Qc7 13. Qe2 Qc6 14. Bb5 Qc7
15. Rac1 a6 16. Bd3 Nbd7 17. Na4 Qa5 18. b3 Rd8 19. Nxc5 Nxc5 20. Rxc5 Qa3 21.
Rfc1 Nd7 22. Rc7 h6 23. f4 Nf6 24. R7c3 Bb7 25. Bc5 Qa5 26. b4 Qc7 27. Be3 Qe7
28. Bb6 Rxd3 29. Rxd3 Qxb4 30. Rb3 Qxe4 31. Qxe4 Bxe4 32. g3 Rb8 33. a4 Nd5 34.
a5 Ne7 35. Rbc3 g5 36. fxg5 hxg5 37. Re1 Bc6 38. Re5 Bb5 39. Rxg5+ Kf8 40. Bc5
Rd8 41. Bb4 Rd1+ 42. Kg2 Ke8 43. Rc7 Rd7 44. Rxd7 Kxd7 45. Bxe7 Kxe7 46. Rxb5
1-0

[Event "Summer Cup"]
[Site "Wellington Chess Club"]
[Date "2015.02.05"]
[Round "1"]
[White "Ker, Anthony"]
[Black "Cunningham, Patrick"]
[Result "1-0"]
[WhiteElo "2435"]
[BlackElo "1700"]

1. e4 e5 2. Nf3 Nc6 3. d4 exd4 4. Nxd4 Nf6 5. Nxc6 bxc6 6. e5 Nd5 7. c4 Bb4+ 8.
Bd2 Ne3 9. fxe3 Qh4+ 10. g3 Bxd2+ 11. Qxd2 Qe4 12. Bg2 Qxe5 13. Nc3 O-O 14. O-O
Re8 15. Rae1 Ba6 16. Qxd7 Bxc4 17. Rf4 Rad8 18. Qxc6 Bxa2 19. Re4 Bd5 20. Nxd5
Re6 21. Rxe5 Rxc6 22. Ne7+ 1-0

[Event "Summer Cup"]
[Site "Wellington Chess Club"]
[Date "2015.02.05"]
[Round "1"]
[White "List, Robert"]
[Black "Croad, Nicolas"]
[Result "0-1"]
[WhiteElo "1663"]
[BlackElo "2366"]

1. e4 c5 2. Nc3 Nc6 3. Nf3 g6 4. Bb5 Nd4 5. Bc4 Bg7 6. d3 e6 7. Bf4 a6 8. Bd6
b5 9. Bxc5 Nxf3+ 10. Qxf3 bxc4 11. e5 Rb8 12. d4 Bb7 13. Qg3 Ne7 14. O-O Nf5
15. Qg4 h5 16. Qe2 d6 17. exd6 O-O 18. Qxc4 Nxd6 19. Qd3 Qg5 20. Qg3 Qxg3 21.
fxg3 Rfd8 22. Ne2 Be4 23. b4 Bxc2 24. a3 Nf5 25. Ra2 Bd3 26. Rxf5 exf5 27. Rd2
Bxe2 28. Rxe2 Bxd4+ 29. Bxd4 Rxd4 0-1

[Event "Summer Cup"]
[Site "Wellington Chess Club"]
[Date "2015.02.05"]
[Round "1"]
[White "Nicholls, Alistair"]
[Black "Phillips, Cameron"]
[Result "1-0"]
[WhiteElo "1850"]
[BlackElo "1192"]

1. e4 e5 2. Nf3 Nc6 3. d4 exd4 4. Bc4 h6 5. c3 dxc3 6. Nxc3 Bb4 7. O-O Bxc3 8.
bxc3 Nf6 9. e5 Ne4 10. Qd5 O-O 11. Qxe4 d6 12. Bxh6 $1 gxh6 13. Qg6+ Kh8 14.
Qxh6+ Kg8 15. Bd3 f5 16. Qg6+ Kh8 17. Ng5 Qe7 18. Qh6+ Kg8 19. Bc4+ Be6 20.
Bxe6+ Rf7 21. Qh7+ Kf8 22. Qh8# 1-0

[Event "Summer Cup"]
[Site "Wellington Chess Club"]
[Date "2015.02.05"]
[Round "1"]
[White "Roberts, Michael"]
[Black "Dive, Russell"]
[Result "0-1"]
[WhiteElo "1721"]
[BlackElo "2441"]

1. e4 c6 2. d4 d5 3. e5 Bf5 4. Bd3 Bxd3 5. Qxd3 e6 6. Nf3 Qa5+ 7. Bd2 Qa6 8.
Qxa6 Nxa6 9. O-O c5 10. Na3 Ne7 11. dxc5 Nc6 12. c4 O-O-O 13. Bg5 Rd7 14. Rad1
Bxc5 15. cxd5 exd5 16. Nc2 Re8 17. Bf4 Nc7 18. Ncd4 Nxd4 19. Nxd4 Bxd4 20. Rxd4
Ne6 21. Rb4 Nxf4 22. Rxf4 Rxe5 23. Rc1+ Kd8 24. Kf1 h5 25. Rd4 Rd6 26. h3 Kd7
27. f4 Re4 28. Rcd1 Rxd4 29. Rxd4 Ke6 30. Ke2 Rc6 31. Rd2 Rc1 32. Kf3 a5 33. b3
b5 34. Re2+ Kd6 35. g4 h4 0-1

[Event "Summer Cup"]
[Site "Wellington Chess Club"]
[Date "2015.02.05"]
[Round "1"]
[White "Scarlett, William"]
[Black "Aldridge, Alan"]
[Result "0-1"]
[WhiteElo "1325"]
[BlackElo "1966"]

1. e4 e5 2. Nf3 Nc6 3. Bb5 a6 4. Ba4 Nf6 5. d3 d6 6. O-O Be7 7. Re1 O-O 8. Bg5
Bg4 9. Nbd2 b5 10. Bb3 h6 11. Bxf6 Bxf6 12. Bd5 Qd7 13. Qc1 Rac8 14. c4 Nb4 15.
Qc3 Nxd5 16. exd5 e4 17. Nd4 b4 18. Qxb4 Bxd4 19. Rxe4 Rb8 0-1

[Event "Summer Cup"]
[Site "Wellington Chess Club"]
[Date "2015.02.05"]
[Round "1"]
[White "Sknar, Andrew"]
[Black "Brockway, Andrew"]
[Result "0-1"]
[WhiteElo "1039"]
[BlackElo "1791"]

1. e4 c5 2. Nf3 g6 3. Bc4 Nc6 4. Ng5 e6 5. d3 Bg7 6. Bf4 Bxb2 7. Na3 Bxa3 8.
Bb5 Qa5+ 9. Bd2 Bb4 10. Bxc6 Bxd2+ 11. Qxd2 Qxd2+ 12. Kxd2 bxc6 13. Rab1 h6 14.
Nf3 Nf6 15. d4 Nxe4+ 16. Ke3 Nc3 17. Rb2 Nd5+ 18. Kd3 Ba6+ 19. Ke4 Ke7 20. dxc5
Rhb8 21. Rxb8 Rxb8 22. c4 Bxc4 23. Rc1 Bxa2 24. Ra1 Rb4+ 25. Nd4 Bb1+ 26. Kf3
Rxd4 27. Rxb1 Rb4 28. Rxb4 Nxb4 29. g4 Nd3 30. h4 Nxc5 31. h5 g5 32. Kg3 a5 33.
f4 f6 34. fxg5 fxg5 35. Kf2 a4 36. Ke2 a3 37. Kd2 a2 38. Kc2 a1=Q 39. Kd2 Nb3+
40. Kc2 Qa2+ 41. Kc3 d5 42. Kb4 c5+ 43. Kc3 Qa4 44. Kc2 Qc4+ 45. Kb2 Nd4 46.
Ka3 Qb3# 0-1

[Event "Summer Cup"]
[Site "Wellington Chess Club"]
[Date "2015.02.05"]
[Round "1"]
[White "Sole, Christopher"]
[Black "Farrington, Lawrence"]
[Result "0-1"]
[WhiteElo "1120"]
[BlackElo "1837"]

1. e4 e5 2. Nf3 Nf6 3. Nc3 Nc6 4. d4 Bb4 5. Bg5 Qe7 6. d5 Nd4 7. Nxd4 exd4 8.
Qxd4 Qxe4+ 9. Qxe4+ Nxe4 10. Bd2 Nxd2 11. Kxd2 O-O 12. Re1 d6 13. a3 Ba5 14.
Kc1 Bf5 15. Bd3 Bxd3 16. cxd3 Rfe8 17. Re4 Kf8 18. Nb5 a6 19. Nd4 g6 20. Nf3 h6
21. b4 Bb6 22. Rf1 c6 23. dxc6 bxc6 24. Kd2 c5 25. bxc5 Bxc5 26. a4 a5 27. Kc3
Bb4+ 28. Kd4 Rac8 29. Ke3 Rc2 30. Kf4 Ra2 31. Nd4 d5 32. Rxe8+ Kxe8 33. Nc6
Bd6+ 34. Kf3 Rxa4 35. Rb1 Bb4 36. Nxb4 Rxb4 37. Ra1 a4 38. Ke2 d4 39. Kd2 Kd7
40. Kc2 Kd6 41. Rb1 Rxb1 42. Kxb1 Kc5 43. Ka2 Kb4 44. f4 Kc3 45. Ka3 Kxd3 46.
Kxa4 Ke2 47. Kb4 d3 48. Kc5 f5 49. Kd5 d2 50. Ke6 d1=Q 51. Kf6 Qd6+ 52. Kg7
Qxf4 53. Kxg6 Qg4+ 54. Kf7 Qxg2 0-1

[Event "Summer Cup"]
[Site "Wellington Chess Club"]
[Date "2015.02.05"]
[Round "1"]
[White "Theodosiou, Andreas"]
[Black "Timergazi, Layla"]
[Result "0-1"]
[WhiteElo "1329"]
[BlackElo "2074"]

1. e4 c6 2. Nf3 d5 3. d3 dxe4 4. dxe4 Qxd1+ 5. Kxd1 Bg4 6. Be2 e6 7. h3 Bh5 8.
Be3 Nf6 9. Nbd2 Nbd7 10. c3 Bc5 11. Bd4 O-O-O 12. Ng5 Bg6 13. Bd3 e5 14. Bxc5
Nxc5 15. Bc4 Ncxe4 16. Nxe4 Nxe4 17. Ke1 Nxd2 18. Be2 Ne4 19. Rd1 Rxd1+ 20.
Bxd1 Rd8 21. f3 Rxd1+ 22. Kxd1 Nf2+ 23. Ke1 Nxh1 24. Ke2 Ng3+ 25. Kf2 Nf5 26.
g4 Nd6 27. b4 b5 28. Kg3 Bb1 29. f4 e4 0-1

[Event "Summer Cup"]
[Site "Wellington Chess Club"]
[Date "2015.02.05"]
[Round "1"]
[White "Thomas, Ben"]
[Black "Sole, Michael"]
[Result "1-0"]
[WhiteElo "2230"]
[BlackElo "1621"]

1. e4 e5 2. Bc4 Nc6 3. Nf3 Nf6 4. d4 exd4 5. e5 Ng8 6. O-O d5 7. Bb5 Bg4 8.
Qxd4 Bxf3 9. gxf3 a6 10. Bxc6+ bxc6 11. Kh1 c5 12. Qf4 Ne7 13. Nc3 Ng6 14. Qa4+
Qd7 15. Qxd7+ Kxd7 16. Nxd5 Nxe5 17. Bf4 f6 18. Rad1 Bd6 19. Rg1 Rhg8 20. Bxe5
fxe5 21. Rg5 Rae8 22. Rdg1 Ref8 23. Rxg7+ Rxg7 24. Rxg7+ Kc6 25. c4 Rxf3 26.
Kg2 Rd3 27. Rxh7 Rd2 28. b3 Rxa2 29. Rh3 a5 30. Re3 a4 31. Nc3 Rd2 32. Nxa4 Rd4
33. Nc3 Rf4 34. Re4 Rxe4 35. Nxe4 Be7 36. Kg3 Kd7 37. Kg4 1-0

[Event "Summer Cup"]
[Site "Wellington Chess Club"]
[Date "2015.02.05"]
[Round "1"]
[White "Wastney, Scott"]
[Black "Lamerton, Troy"]
[Result "1-0"]
[WhiteElo "2448"]
[BlackElo "1731"]

1. e4 e6 2. d4 d5 3. Bd3 c5 4. exd5 exd5 5. Nf3 Nf6 6. O-O Be7 7. dxc5 Bxc5 8.
Re1+ Be6 9. Be3 Bxe3 10. Rxe3 O-O 11. Nbd2 Ng4 12. Re2 Nc6 13. Nb3 Nb4 14. Nbd4
Nxd3 15. Qxd3 Bd7 16. Rae1 Re8 17. Rxe8+ Bxe8 18. Nf5 Qb6 19. N3d4 Bd7 20. Qg3
Bxf5 21. Nxf5 Qxb2 22. Qxg4 Qc3 23. Qe2 Rd8 24. Qe8+ 1-0

[Event "Summer Cup"]
[Site "Wellington Chess Club"]
[Date "2015.02.05"]
[Round "1"]
[White "Wilkins, Mark"]
[Black "Meravanage, Satwik"]
[Result "1-0"]
[WhiteElo "1954"]
[BlackElo "1300"]

1. d4 d5 2. c4 c6 3. Nc3 Nf6 4. Nf3 e6 5. e3 Be7 6. Bd3 b6 7. cxd5 cxd5 8. O-O
O-O 9. Ne5 Nfd7 10. f4 f6 11. Qh5 f5 12. g4 g6 13. Nxg6 hxg6 14. Qxg6+ Kh8 15.
Rf3 Ba6 16. Rh3+ Bh4 17. g5 1-0

[Event "Summer Cup"]
[Site "Wellington Chess Club"]
[Date "2015.02.12"]
[Round "2"]
[White "Aldridge, Alan"]
[Black "Ker, Anthony"]
[Result "0-1"]
[WhiteElo "1966"]
[BlackElo "2435"]

1. e4 d6 2. c4 Nf6 3. Nc3 c5 4. Nf3 Bg4 5. Be2 Nc6 6. d3 g6 7. O-O Bg7 8. Be3
O-O 9. Rb1 Nd7 10. h3 Bxf3 11. Bxf3 Re8 12. Qd2 Nd4 13. Bd1 a6 14. a4 e6 15.
Bxd4 Bxd4 16. Ne2 Bg7 17. f4 a5 18. Nc3 Nb8 19. Bg4 Nc6 20. Kh1 Nd4 21. Ne2 f5
22. Bf3 Nxf3 23. Rxf3 Qf6 24. Nc3 b6 25. Re1 Rad8 26. Rfe3 Bh6 27. exf5 Qxf5
28. Qe2 e5 29. Nd5 Kh8 30. g4 Qf7 31. g5 Bg7 32. Nxb6 Qxf4 33. Qg2 Rf8 34. Nd5
Qf5 35. Kg1 Rb8 36. Rf1 Rxb2 37. Rxf5 Rxg2+ 38. Kxg2 gxf5 39. Rf3 Rf7 40. Nc3
Kg8 41. Nb5 Bf8 42. Rf2 Kg7 43. Nc3 Kg6 44. h4 Rb7 45. Nb5 Be7 46. Kh3 Rb8 47.
Rb2 Kh5 48. Rf2 Rf8 49. Nc7 h6 50. gxh6 Kxh6 51. Rg2 Rf7 52. Nd5 Bf6 53. Rb2
Kh5 54. Nxf6+ Rxf6 55. Rb5 e4 56. Rxa5 f4 57. Kg2 f3+ 58. Kf1 e3 59. Rb5 Kxh4
60. Rb1 Kg3 0-1

[Event "Summer Cup"]
[Site "Wellington Chess Club"]
[Date "2015.02.12"]
[Round "2"]
[White "Brockway, Andrew"]
[Black "Forster, Bill"]
[Result "0-1"]
[WhiteElo "1791"]
[BlackElo "2081"]

1. e4 c5 2. Nc3 a6 3. f4 b5 4. d3 d6 5. Nf3 g6 6. g3 Bg7 7. Bg2 Bb7 8. O-O e6
9. Qe2 Ne7 10. Rb1 O-O 11. Bd2 Nbc6 12. Nh4 Nd4 13. Qg4 f5 14. Qd1 Qd7 15. Ne2
e5 16. Nxd4 cxd4 17. c3 fxe4 18. cxd4 d5 19. dxe4 exf4 20. e5 g5 21. Nf3 g4 22.
Ng5 f3 23. Qc2 Nf5 24. Bxf3 gxf3 25. g4 h6 26. Nxf3 (26. gxf5 hxg5 (26... Rxf5
27. Nxf3 Raf8 28. Qd3) 27. Rxf3 Rac8 28. Qd3) 26... Nxd4 27. Qg6 Nxf3+ 28. Rxf3
Rxf3 29. e6 Qe7 30. Bxh6 Raf8 31. Bg5 Qc5+ 0-1

[Event "Summer Cup"]
[Site "Wellington Chess Club"]
[Date "2015.02.12"]
[Round "2"]
[White "Collings, Alex"]
[Black "Asplet, Mike"]
[Result "0-1"]
[WhiteElo "1089"]
[BlackElo "1582"]

1. e4 e5 2. Nf3 Nc6 3. d4 exd4 4. Nxd4 Bc5 5. Nxc6 bxc6 6. Be3 Bxe3 7. fxe3
Qh4+ 8. g3 Qxe4 9. Rg1 Qxe3+ 10. Qe2 Qxe2+ 11. Bxe2 Nf6 12. Nc3 O-O 13. O-O-O
d5 14. g4 Re8 15. Bd3 Bxg4 16. Rd2 d4 17. Ne2 Bxe2 18. Bxe2 Re5 19. Bf3 Rae8
20. b3 Re1+ 21. Rxe1 Rxe1+ 22. Bd1 c5 23. b4 Ne4 0-1

[Event "Summer Cup"]
[Site "Wellington Chess Club"]
[Date "2015.02.12"]
[Round "2"]
[White "Croad, Nicolas"]
[Black "Wilkins, Mark"]
[Result "1-0"]
[WhiteElo "2366"]
[BlackElo "1954"]

1. e4 c6 2. d4 d5 3. Nd2 dxe4 4. Nxe4 Nf6 5. Nxf6+ gxf6 6. c3 Bf5 7. Bc4 Nd7 8.
Ne2 Nb6 9. Bb3 Qc7 10. Bf4 Qd7 11. a4 e5 12. dxe5 fxe5 13. Bxe5 Rg8 14. Qxd7+
Nxd7 15. Bg3 Nc5 16. Nd4 Bd3 17. O-O-O Bh6+ 18. f4 Nxb3+ 19. Nxb3 O-O-O 20.
Rhe1 Bg6 21. Nd4 Rge8 22. Nf3 Rxd1+ 23. Kxd1 Rd8+ 24. Kc1 f6 25. Re6 Rf8 26. b4
Bf5 27. Re7 Bg6 28. Kb2 Rf7 29. Re8+ Kd7 30. Rb8 b6 31. Ra8 Ke6 32. Nd4+ Kd5
33. Rd8+ Ke4 34. Nxc6 Bxf4 35. Rd4+ 1-0

[Event "Summer Cup"]
[Site "Wellington Chess Club"]
[Date "2015.02.12"]
[Round "2"]
[White "Dive, Russell"]
[Black "Jackson, Ross"]
[Result "1-0"]
[WhiteElo "2441"]
[BlackElo "1977"]

1. Nf3 Nf6 2. g3 g6 3. Bg2 Bg7 4. O-O O-O 5. d4 d6 6. c4 Nbd7 7. Nc3 e5 8. e4
exd4 9. Nxd4 Ne5 10. b3 Bg4 11. f3 Bd7 12. h3 Nc6 13. Nde2 a6 14. Be3 b5 15.
cxb5 axb5 16. Nxb5 Nb4 17. Nbc3 Ra5 18. a3 Nc6 19. b4 Ra8 20. f4 Nh5 21. Qd2
Qc8 22. Kh2 f5 23. exf5 gxf5 24. Nd4 Nxd4 25. Bxd4 Rb8 26. Nd5 Qd8 27. Rfe1 Re8
28. Bxg7 Nxg7 29. Qc3 Rxe1 30. Rxe1 Ne8 1-0

[Event "Summer Cup"]
[Site "Wellington Chess Club"]
[Date "2015.02.12"]
[Round "2"]
[White "Farrington, Lawrence"]
[Black "Nyberg, Michael"]
[Result "0-1"]
[WhiteElo "1837"]
[BlackElo "2099"]

1. e4 c5 2. c3 d6 3. d4 cxd4 4. cxd4 g6 5. g3 Bg7 6. Bg2 Qb6 7. Ne2 Bg4 8. f3
Bd7 9. Nbc3 e6 10. Be3 Ne7 11. Qd2 Qa5 12. O-O h5 13. h4 Nbc6 14. Rfd1 O-O 15.
a3 a6 16. b4 Qd8 17. Rac1 Kh7 18. f4 Rc8 19. d5 exd5 20. Nxd5 Nxd5 21. Qxd5 Bg4
22. Kf2 Bb2 23. Rc2 Bxa3 24. Qxd6 Bxb4 25. Qxd8 Rcxd8 26. Rxd8 Rxd8 27. Rb2 Rd1
28. e5 Be1+ 0-1

[Event "Summer Cup"]
[Site "Wellington Chess Club"]
[Date "2015.02.12"]
[Round "2"]
[White "Meravanage, Satwik"]
[Black "Roberts, Michael"]
[Result "0-1"]
[WhiteElo "1300"]
[BlackElo "1721"]

1. e4 e5 2. Nf3 Nc6 3. Bc4 Bc5 4. Nc3 Nf6 5. d3 h6 6. Be3 Bxe3 7. fxe3 O-O 8.
a3 d6 9. O-O Qe7 10. Nh4 Be6 11. Nf5 Bxf5 12. Rxf5 Nd8 13. Nd5 Nxd5 14. exd5 g6
15. Qg4 Kh7 16. Rf3 f5 17. Qg3 Nf7 18. Raf1 Qd7 19. d4 Ng5 20. dxe5 Nxf3+ 21.
Rxf3 dxe5 22. Qxe5 Rae8 23. Qd4 Qg7 0-1

[Event "Summer Cup"]
[Site "Wellington Chess Club"]
[Date "2015.02.12"]
[Round "2"]
[White "Phillips, Cameron"]
[Black "List, Robert"]
[Result "0-1"]
[WhiteElo "1192"]
[BlackElo "1663"]

1. e4 c5 2. Nc3 Nc6 3. d4 cxd4 4. Nb5 e5 5. Qh5 Nf6 6. Qf5 d5 7. Qf3 dxe4 8.
Qg3 a6 9. Na3 Be6 10. Be2 Rc8 11. Nh3 h6 12. O-O g5 13. Bxg5 hxg5 14. Nxg5 Nh5
15. Bxh5 Rxh5 16. Nxe6 Qf6 17. Nxf8 Kxf8 18. Rfe1 Qf5 19. f3 e3 20. c3 Rg5 21.
Qxg5 Qxg5 22. cxd4 exd4 23. Nc4 Nb4 24. Rac1 b5 25. a3 Nd3 26. Rcd1 bxc4 27.
Rxd3 cxd3 0-1

[Event "Summer Cup"]
[Site "Wellington Chess Club"]
[Date "2015.02.12"]
[Round "2"]
[White "Pomeroy, Arthur"]
[Black "Nicholls, Alistair"]
[Result "1-0"]
[WhiteElo "2105"]
[BlackElo "1850"]

1. e4 e5 2. Nf3 Nc6 3. Bb5 f5 4. d3 Nf6 5. O-O d6 6. exf5 Be7 7. d4 e4 8. d5
exf3 9. dxc6 O-O 10. Qxf3 bxc6 11. Bxc6 Rb8 12. Nc3 Bd7 13. b3 Bxc6 14. Qxc6
Rb6 15. Qf3 Qd7 16. Bd2 d5 17. Rad1 c6 18. Rfe1 Ne8 19. Qe2 Rb7 20. Qe6+ Kh8
21. Re2 Rxf5 22. Rde1 Qxe6 23. Rxe6 Rf7 24. Rxc6 1-0

[Event "Summer Cup"]
[Site "Wellington Chess Club"]
[Date "2015.02.12"]
[Round "2"]
[White "Rose, Nathan"]
[Black "Sknar, Andrew"]
[Result "1-0"]
[WhiteElo "1469"]
[BlackElo "1039"]

1. e4 e5 2. Nf3 Nc6 3. Bc4 h6 4. c3 Bc5 5. O-O Nf6 6. Re1 O-O 7. d4 exd4 8.
cxd4 Bb4 9. Bd2 Bxd2 10. Nbxd2 d6 11. e5 Ng4 12. h3 Nxd4 13. hxg4 Nxf3+ 14.
Qxf3 dxe5 15. Rxe5 Qxd2 16. Re7 Qb4 17. Bxf7+ Kh7 18. Bg6+ Kg8 19. Bh7+ Kxh7
20. Qxf8 1-0

[Event "Summer Cup"]
[Site "Wellington Chess Club"]
[Date "2015.02.12"]
[Round "2"]
[White "Sellen, Ian"]
[Black "Stoeveken, Peter"]
[Result "1-0"]
[WhiteElo "2095"]
[BlackElo "1829"]

1. c4 e5 2. Nc3 Bb4 3. Nf3 Nc6 4. a3 Bxc3 5. bxc3 d6 6. e4 f5 7. Bd3 Nf6 8. Qe2
O-O 9. Bc2 fxe4 10. Ng5 Bg4 11. Qe3 Bf5 12. h3 Ne7 13. Nxe4 Nxe4 14. Bxe4 c6
15. O-O Bxe4 16. Qxe4 Rf6 17. d4 exd4 18. cxd4 Qd7 19. Bg5 Re6 20. Qg4 Qc8 21.
Rab1 b6 22. Rbe1 Rxe1 23. Qxc8+ Rxc8 24. Rxe1 Nf5 25. Rd1 Re8 26. g4 Ne7 27.
Bf4 Nc8 28. Rc1 Kf7 29. Kg2 Re4 30. Be3 Kg6 31. Kf3 Re8 32. h4 Kf7 33. h5 Ne7
34. Bf4 Nc8 35. d5 c5 36. a4 Ke7 37. Re1+ Kd7 38. Rxe8 Kxe8 39. Ke4 Ke7 40.
Bg5+ Kf7 41. f4 a6 42. f5 Na7 43. Bf4 Ke7 44. g5 b5 45. f6+ gxf6 46. gxf6+ Kxf6
47. Bxd6 bxc4 48. Bxc5 Nc8 49. Kd4 Kg5 50. Kxc4 Kxh5 51. d6 1-0

[Event "Summer Cup"]
[Site "Wellington Chess Club"]
[Date "2015.02.12"]
[Round "2"]
[White "Sole, Michael"]
[Black "Scarlett, William"]
[Result "1-0"]
[WhiteElo "1621"]
[BlackElo "1325"]

1. e4 f5 2. Bc4 Nf6 3. d3 h6 4. Nc3 e6 5. e5 Ng4 6. Nf3 d6 7. h3 Nxe5 8. Nxe5
dxe5 9. Qh5+ g6 10. Qxg6+ Ke7 11. Be3 Qe8 12. Qxe8+ Kxe8 13. O-O-O e4 14. dxe4
fxe4 15. Nxe4 1-0

[Event "Summer Cup"]
[Site "Wellington Chess Club"]
[Date "2015.02.12"]
[Round "2"]
[White "Stracy, Don"]
[Black "Bennett, Ezra"]
[Result "1-0"]
[WhiteElo "1863"]
[BlackElo "1298"]

{+} 1. e4 e5 2. Nf3 f5 3. Nc3 fxe4 4. Nxe4 d5 5. Nc3 Bg4 6. h3 Bxf3 7. Qxf3 Nf6
8. d3 Be7 9. Bg5 d4 10. Bxf6 Bxf6 11. Qxb7 Nd7 12. Nb5 O-O 13. Qd5+ Kh8 14. Na3
Bg5 15. Be2 Bh4 16. O-O Qe7 17. Nc4 Rad8 18. Nd2 Nb6 19. Qb3 Rf7 20. Nf3 Rf5
21. Rae1 Qf6 22. c3 Nd5 23. cxd4 exd4 24. Nxh4 Qxh4 25. Bg4 Rf6 26. Qxd5 Rff8
27. Qh5 Qf6 28. Re6 Qf4 29. Qe5 Qf7 30. Re7 Qg6 31. Qe4 Rf7 32. Qxg6 Rxe7 33.
Qg5 Rde8 34. Bf3 h6 35. Qf5 Rg8 36. Be4 g6 37. Qf6+ Reg7 38. Re1 a5 39. Bd5 1-0

[Event "Summer Cup"]
[Site "Wellington Chess Club"]
[Date "2015.02.12"]
[Round "2"]
[White "Timergazi, Layla"]
[Black "Wastney, Scott"]
[Result "0-1"]
[WhiteElo "2074"]
[BlackElo "2445"]

1. e4 e5 2. Nf3 Nc6 3. Bc4 Nf6 4. d3 Bc5 5. c3 a6 6. h3 Ba7 7. Nbd2 d6 8. Bb3
Ne7 9. Nf1 Ng6 10. g4 Be6 11. Ng3 h6 12. Nf5 Rg8 13. g5 hxg5 14. Nxg5 Qd7 15.
Qf3 O-O-O 16. Nxg7 Bxb3 17. Qxf6 Bc2 18. Kd2 Ba4 19. Nf5 d5 20. Qxf7 dxe4 21.
Qxd7+ Bxd7 22. Nh6 Rgf8 23. Nhf7 Rde8 24. dxe4 Nh8 25. Nxh8 Rxf2+ 26. Ke1 Bb5
27. Nhf7 Re7 28. a4 Re2+ 29. Kf1 Bd3 30. Bf4 Rh2+ 0-1

[Event "Summer Cup"]
[Site "Wellington Chess Club"]
[Date "2015.02.19"]
[Round "3"]
[White "Asplet, Mike"]
[Black "Aldridge, Alan"]
[Result "0-1"]
[WhiteElo "1582"]
[BlackElo "1966"]

1. e4 e5 2. Nf3 Nc6 3. Bb5 a6 4. Ba4 Nf6 5. O-O Be7 6. d3 b5 7. Bb3 O-O 8. c3
d6 9. Re1 Na5 10. Nbd2 Nxb3 11. Nxb3 c5 12. d4 Qc7 13. d5 Bb7 14. Nh4 c4 15.
Nd2 Nxd5 16. exd5 Bxh4 17. Qg4 Bf6 18. Ne4 Qd8 19. Bg5 Bxg5 20. Nxg5 Bc8 21.
Qh4 h6 0-1

[Event "Summer Cup"]
[Site "Wellington Chess Club"]
[Date "2015.02.19"]
[Round "3"]
[White "Bennett, Ezra"]
[Black "Rose, Nathan"]
[Result "1-0"]
[WhiteElo "1298"]
[BlackElo "1469"]

1. d4 f5 2. e3 Nf6 3. Nc3 e6 4. d5 e5 5. Bd3 d6 6. Bb5+ c6 7. dxc6 Nxc6 8. Nf3
a6 9. Ba4 b5 10. Bb3 Na5 11. Bd5 Nxd5 12. Qxd5 Rb8 13. a4 Nc4 14. O-O Nb6 15.
Qb3 Qf6 16. Nd5 Nxd5 17. Qxd5 Bb7 18. Qb3 Qg6 19. Nh4 Qg5 20. g3 Be7 21. f3 Qh5
22. Qe6 Bc8 23. Qd5 g5 24. axb5 gxh4 25. bxa6 hxg3 26. hxg3 Bxa6 27. Rxa6 Kd7
28. Ra7+ Kd8 29. Qe6 Qe8 30. Bd2 Qc6 31. Ba5+ 1-0

[Event "Summer Cup"]
[Site "Wellington Chess Club"]
[Date "2015.02.19"]
[Round "3"]
[White "Forster, Bill"]
[Black "Croad, Nicolas"]
[Result "0-1"]
[WhiteElo "2081"]
[BlackElo "2366"]

1. Nf3 Nf6 2. c4 e6 3. g3 d5 4. Bg2 Be7 5. O-O O-O 6. d4 c6 7. Qc2 b6 8. b3 Bb7
9. Bb2 Nbd7 10. Nbd2 Rc8 11. Rac1 c5 12. dxc5 Bxc5 13. Qb1 dxc4 14. Nxc4 b5 15.
Nce5 Nxe5 16. Bxe5 Ng4 17. Bf4 Qb6 18. Rxc5 Rxc5 19. h3 Nf6 20. Be3 b4 21. Bxc5
Qxc5 22. Rc1 Qb6 23. Ne5 Bxg2 24. Kxg2 Nd5 25. Qe4 Nc3 26. Qf3 Qd4 27. Nd3 a5
28. Rc2 e5 29. Nb2 e4 30. Qe3 Qxe3 31. fxe3 Nxa2 32. Rc5 Rb8 33. Na4 g6 34.
Rxa5 Nc3 35. Nc5 Rd8 36. Ra1 Rd2 37. Rf1 Rxe2+ 0-1

[Event "Summer Cup"]
[Site "Wellington Chess Club"]
[Date "2015.02.19"]
[Round "3"]
[White "Jackson, Ross"]
[Black "Sole, Michael"]
[Result "1-0"]
[WhiteElo "1977"]
[BlackElo "1621"]

1. d4 Nf6 2. c4 e6 3. Nc3 Bb4 4. Qc2 O-O 5. Nf3 Bxc3+ 6. Qxc3 d5 7. e3 b6 8.
cxd5 Nxd5 9. Qb3 Bb7 10. Be2 Nd7 11. O-O c5 12. Rd1 Qe7 13. e4 N5f6 14. e5 Nd5
15. Bg5 f6 16. exf6 N5xf6 17. Bc4 Bxf3 18. Qxf3 Qf7 19. Re1 Nd5 20. Qxf7+ Kxf7
21. Bxd5 exd5 22. Re7+ Kg6 23. Rxd7 Kxg5 24. Rxd5+ Rf5 25. Rd7 Kg6 26. Re1 Raf8
27. f3 R8f7 28. Rd8 Rf8 29. Rxf8 Rxf8 30. dxc5 bxc5 31. Rc1 Rf5 32. Kf2 Re5 33.
f4 Rf5 34. Kf3 Kf6 35. Rc4 g5 36. g4 Rd5 37. f5 h5 38. h3 h4 39. Ra4 Rd7 40.
Ra6+ Kf7 41. Rg6 1-0

[Event "Summer Cup"]
[Site "Wellington Chess Club"]
[Date "2015.02.19"]
[Round "3"]
[White "Ker, Anthony"]
[Black "Sellen, Ian"]
[Result "1-0"]
[WhiteElo "2435"]
[BlackElo "2095"]

1. e4 c5 2. c3 d5 3. exd5 Qxd5 4. d4 Nc6 5. Nf3 Bg4 6. dxc5 Qxd1+ 7. Kxd1 Bxf3+
8. gxf3 O-O-O+ 9. Kc2 e6 10. b4 Nge7 11. Nd2 Nf5 12. Nc4 Be7 13. Bh3 Rd5 14.
Bf4 g5 15. Ne3 Nxe3+ 16. Bxe3 Bf6 17. Rad1 Rhd8 18. Rxd5 Rxd5 19. f4 gxf4 20.
Bxf4 Ne7 21. Rg1 Ng6 22. Bg3 Bg5 23. Rd1 Rxd1 24. Kxd1 Nf4 25. Bg4 Nd5 26. Be5
Kd7 27. Kc2 Be3 28. Bg3 Bg5 29. Bf3 Bf6 30. Kb3 b5 31. c4 1-0

[Event "Summer Cup"]
[Site "Wellington Chess Club"]
[Date "2015.02.19"]
[Round "3"]
[White "List, Robert"]
[Black "Timergazi, Layla"]
[Result "0-1"]
[WhiteElo "1663"]
[BlackElo "2074"]

1. e4 e6 2. d4 d5 3. e5 c5 4. c3 Nc6 5. Nf3 Qb6 6. Bd3 f6 7. O-O Bd7 8. a3 Be7
9. dxc5 Bxc5 10. b4 Be7 11. exf6 Nxf6 12. Re1 O-O 13. Qc2 h6 14. Nh4 Be8 15.
Rxe6 Ng4 16. Nf3 Bh4 17. Re2 Nce5 18. Be3 Nxf3+ 19. gxf3 Nxe3 20. fxe3 Rxf3 21.
Nd2 Rxe3 22. Kh1 Bh5 23. Rg2 Rae8 24. Rag1 g5 25. Bh7+ Kh8 26. Qf5 Re1 27. Rf1
Rxf1+ 28. Nxf1 Qe6 29. Qb1 Bf3 30. Bf5 Bxg2+ 31. Kxg2 Qe2+ 32. Kh3 Re3+ 33. Ng3
Qf2 34. Kg4 Bxg3 35. hxg3 Rxg3+ 36. Kh5 Kg7 0-1

[Event "Summer Cup"]
[Site "Wellington Chess Club"]
[Date "2015.02.19"]
[Round "3"]
[White "Nyberg, Michael"]
[Black "Dive, Russell"]
[Result "0-1"]
[WhiteElo "2099"]
[BlackElo "2441"]

1. e4 c6 2. d3 d5 3. Nd2 e5 4. Ngf3 Qc7 5. b3 Ne7 6. Bb2 Ng6 7. g3 a5 8. Qe2 d4
9. c3 dxc3 10. Bxc3 Bb4 11. Bb2 O-O 12. a3 Bc5 13. Rc1 Qe7 14. a4 Ba3 15. Nc4
Bb4+ 16. Nfd2 Nd7 17. Bg2 Nc5 18. O-O Rd8 19. d4 exd4 20. Rcd1 Be6 21. Nb6 Ra6
22. Ndc4 d3 23. Qf3 Qc7 24. h4 Rxb6 25. h5 Bxc4 26. hxg6 Bxb3 27. gxh7+ Kxh7
28. Qf5+ Kg8 29. Be5 Qe7 30. Rb1 d2 31. Bf3 Be6 32. Qh5 Nd3 33. Ba1 c5 34. Be2
Ba2 35. Bxd3 Rxd3 36. Rb2 Qxe4 37. Qg5 Rg6 38. Rxb4 axb4 39. Qh5 Rdxg3+ 40.
fxg3 Rxg3+ 41. Kf2 Rg2# 0-1

[Event "Summer Cup"]
[Site "Wellington Chess Club"]
[Date "2015.02.19"]
[Round "3"]
[White "Rossiter, Philip"]
[Black "Coghini, Phillip"]
[Result "1-0"]
[WhiteElo "1935"]
[BlackElo "1747"]

1. c4 c5 2. Nc3 Nc6 3. g3 g6 4. Bg2 Bg7 5. Nf3 Nf6 6. O-O O-O 7. a3 a6 8. Rb1
e6 9. b4 d5 10. cxd5 exd5 11. bxc5 d4 12. Na4 h6 13. Nb6 Ra7 14. d3 Nd5 15.
Nxd5 Qxd5 16. Qc2 Re8 17. Ng5 Qd8 18. Ne4 Bf8 19. Bf4 Ne5 20. Qb3 Re6 21. Rfc1
Kg7 22. Nd6 Nc6 23. Bd5 g5 24. Nxc8 Qxc8 25. Bxe6 fxe6 26. Bd6 1-0